Εισαγωγή στις αριθμητικές φασματικές μεθόδους : μεταπτυχιακή διατριβή
Σκοπός αυτής της εργασίας είναι να συλλέξει όλα τα απαραίτητα συστατικά για την κατανόηση των φασματικών μεθόδων για χρόνο-εξαρτημένα προβλήματα και συγκεκριμένα για προβλήματα μερικών διαφορικών εξισώσεων. Συνεπώς, η παραγωγή των φασματικών μεθόδων επηρεάζεται κυρίως από μεθόδους πεπερασμένων διαφ...
Αποθηκεύτηκε σε:
| Κύριος συγγραφέας: | |
|---|---|
| Συγγραφή απο Οργανισμό/Αρχή: | |
| Μορφή: | Thesis Βιβλίο |
| Γλώσσα: | Greek |
| Δημοσίευση: |
2009.
|
| Θέματα: | |
| Διαθέσιμο Online: | http://hdl.handle.net/11610/12114 |
| Ετικέτες: |
Προσθήκη ετικέτας
Δεν υπάρχουν, Καταχωρήστε ετικέτα πρώτοι!
|
MARC
| LEADER | 00000cam a2200000 i 4500 | ||
|---|---|---|---|
| 001 | 1/11783 | ||
| 008 | 110202s2010 gr | ||| |||| ||gre|| | ||
| 035 | |l 10109539 | ||
| 040 | |a GR-MyUA |b gre |e AACR2 | ||
| 041 | 0 | |a gre | |
| 082 | 0 | |a 515.7222 |2 (22) | |
| 100 | 1 | |a Θεοδωροπούλου, Ρεβέκα-Ειρήνη. | |
| 245 | 1 | 0 | |a Εισαγωγή στις αριθμητικές φασματικές μεθόδους : |b μεταπτυχιακή διατριβή / |c Ρεβέκα-Ειρήνη Θεοδωροπούλου ; επιβλέπων καθηγητής Κωνσταντίνος Χουσιάδας. |
| 260 | |c 2009. | ||
| 300 | |a 150 σ. : |b εικ. ; |c 30 εκ. | ||
| 500 | |a Μέλη της εξεταστικής επιτροπής: Μεταφτσής Βασίλειος, Δημητράκος Θεοδόσης, Χουσιάδας Κωνσταντίνος. | ||
| 502 | |a Διατριβή (μεταπτυχιακή) – Πανεπιστήμιο Αιγαίου, Σάμος, 2010. | ||
| 504 | |a Βιβλιογραφία: σ. 150. | ||
| 506 | 1 | |a Διάθεση πλήρους κειμένου ; |d Ενδοπανεπιστημιακή δημοσίευση. | |
| 520 | |a Σκοπός αυτής της εργασίας είναι να συλλέξει όλα τα απαραίτητα συστατικά για την κατανόηση των φασματικών μεθόδων για χρόνο-εξαρτημένα προβλήματα και συγκεκριμένα για προβλήματα μερικών διαφορικών εξισώσεων. Συνεπώς, η παραγωγή των φασματικών μεθόδων επηρεάζεται κυρίως από μεθόδους πεπερασμένων διαφορών. χρησιμοποιούνται στην ανάλυση του αριθμητικού σφάλματος φάσης. Τυπικές μέθοδοι πεπερασμένων διαφορών χρησιμοποιούν ένα τοπικό πλέγμα σημείων για τον υπολογισμό της παραγώγου στο δοσμένο σημείο ενώ υψηλότερης τάξης μέθοδοι πετυχαίνονται με χρήση ενός ευρύτερου πλέγματος, για παράδειγμα λαμβάνουν υπόψη περισσότερα σημεία. Η φασματική μέθοδος Fourier εξασφαλίζεται με χρήση όλων των σημείων του πεδίου ορισμού. Στο δεύτερο κεφάλαιο, συζητάμε τις προσεγγίσεις τριγωνομετρικών πολυωνύμων, για ομαλές συναρτήσεις και την αντίστοιχη προσεγγιστική θεωρία για τη συνεχή και τη διακριτή περίπτωση. Στο τρίτο κεφάλαιο, παρουσιάζουμε φασματικές μεθόδους Fourier χρησιμοποιώντας Galerkin και Collocation προσεγγίσεις και μελετάμε τη ευστάθεια αυτών για υπερβολικές και παραβολικές εξισώσεις. Επιπλέον, παρουσιάζουμε τρόπους σταθεροποίησης αυτών των μεθόδων μέσω της υπέρ ιξώδους μεθόδου και του φιλτραρίσματος. Το τέταρτο κεφάλαιο χαρακτηρίζεται από τη συζήτηση για τις οικογένειες των ορθογώνιων πολυωνύμων, οι οποίες είναι οι χαρακτηριστικές λύσεις των προβλημάτων Sturm-Liouville. Εστιάζουμε στα Legendre και Chebyshev πολυώνυμα, τα οποία είναι κατάλληλα για την παρουσίαση συναρτήσεων σε πεπερασμένα διαστήματα ενδιαφέροντος. Σε αυτό το κεφάλαιο παρουσιάζονται οι ιδιότητες των πολυωνύμων Jacobi και οι σχετικές αναδρομικές σχέσεις. Πολλές χρήσιμες φόρμουλες βρίσκονται σε αυτό το κεφάλαιο. Στο πέμπτο και τελευταίο κεφάλαιο, συζητάμε τις συνεχείς και διακριτές πολυωνυμικές επεκτάσεις, οι οποίες βασίζονται στα πολυώνυμα Jacobi και ιδιαίτερα στα Legendre και Chebyshev. Παρουσιάζουμε τους ολοκληρωτικούς τύπους του Gauss και τα διαφορετικά σημεία, στα οποία είναι ακριβής ο καθένας από αυτούς. | ||
| 540 | |a Κλειδωμένη η δυνατότητα αντιγραφής (copy) του κειμένου. | ||
| 610 | 2 | 0 | |a University of the Aegean |x Dissertations. |
| 650 | 0 | 0 | |a Spectral theory (Mathematics) |
| 650 | 0 | 0 | |a Numerical analysis. |
| 650 | 0 | 0 | |a Dissertations, Academic |z Greece. |
| 700 | 1 | |a Χουσιάδας, Κωνσταντίνος, |e dgs | |
| 710 | 2 | |a Πανεπιστήμιο Αιγαίου. |b Σχολή Θετικών Επιστημών. |b Τμήμα Μαθηματικών. |b Μεταπτυχιακό Πρόγραμμα Σπουδών Μαθηματική Μοντελοποίηση στις Φυσικές Επιστήμες και στις Σύγχρονες Τεχνολογίες. | |
| 852 | |a INST |b SAMOS |c DIATR |e 20110202 |h 515.7222 ΘΕΟ |p 005300033018 |q 005300033018 |t MTXE |y 23 | ||
| 852 | |a INST |b SAMOS |c DIATR |e 20110202 |h 515.7222 ΘΕΟ |p 005300033019 |q 005300033019 |t MTXE |y 23 | ||
| 856 | |u http://hdl.handle.net/11610/12114 | ||
| 901 | |a BIBL3-2011-1 | ||
| 909 | |a Σ |b 166250 | ||
| 909 | |a Σ |b 166251 | ||
| 924 | |a ΘΕΟΔΩΡΟΠΟΥΛΟΥ |b ΡΕΒΕΚΑ-ΕΙΡΗΝΗ |y Σάμος |z 2010-11 | ||
| 970 | |a ΚΟΣΙΕΡΗΣ |b ΧΡΗΣΤΟΣ |z 2011/02/02 | ||